BSOP header

保羅的宣敎策略 = Bao luo de xuan jiao ce lüe {ch} / (Record no. 39117)

MARC details
000 -LEADER
fixed length control field 00718cam a2200253 i 4500
001 - CONTROL NUMBER
control field .b18688469
005 - DATE AND TIME OF LATEST TRANSACTION
control field 20250317111849.0
008 - FIXED-LENGTH DATA ELEMENTS--GENERAL INFORMATION
fixed length control field 110909s2001 ch a e b 000 0 chi d
020 ## - INTERNATIONAL STANDARD BOOK NUMBER
International Standard Book Number 9572029290 (平裝) :
Terms of availability NT$180
040 ## - CATALOGING SOURCE
Original cataloging agency RDI
041 0# - LANGUAGE CODE
Language code of text/sound track or separate title chi
042 ## - AUTHENTICATION CODE
Authentication code nbic
050 ## - LIBRARY OF CONGRESS CALL NUMBER
Classification number BS2650.52
090 ## - LOCALLY ASSIGNED LC-TYPE CALL NUMBER (OCLC); LOCAL CALL NUMBER (OCLC)
Classification number (OCLC) (R) ; Classification number, CALL (RLIN) (NR) 241.235
Local cutter number (OCLC) ; Book number/undivided call number, CALL (RLIN) 4424
100 1# - MAIN ENTRY--PERSONAL NAME
Personal name 董俊蘭
245 10 - TITLE STATEMENT
Title 保羅的宣敎策略 = Bao luo de xuan jiao ce lüe {ch} /
Statement of responsibility, etc 董俊蘭著.
250 ## - EDITION STATEMENT
Edition statement 初版
260 ## - PUBLICATION, DISTRIBUTION, ETC. (IMPRINT)
Place of publication, distribution, etc 臺南市 :
Name of publisher, distributor, etc 人光出版 :
-- 新樓書房發行代理,
Date of publication, distribution, etc 2001[民90]
300 ## - PHYSICAL DESCRIPTION
Extent 173面 :
Other physical details 圖 ;
Dimensions 21公分
490 0# - SERIES STATEMENT
Series statement 聖經釋義
504 ## - BIBLIOGRAPHY, ETC. NOTE
Bibliography, etc 參考書目:面157-173.
650 #7 - SUBJECT ADDED ENTRY--TOPICAL TERM
Topical term or geographic name as entry element 基督敎.
Source of heading or term lcstt.
942 ## - ADDED ENTRY ELEMENTS (KOHA)
Source of classification or shelving scheme Library of Congress Classification
Item type Books
Holdings
Withdrawn status Lost status Source of classification or shelving scheme Damaged status Not for loan Home library Current library Shelving location Date acquired Accession number Total Checkouts Full call number Barcode Date last seen Price effective from Koha item type Copy number
    Library of Congress Classification     BSOP Library BSOP Library Chinese Books (General Circulation) 07/04/2015 C-14193   BS2650.52 D91 00046596 07/04/2015 07/04/2015 Books  
    Library of Congress Classification     BSOP Library BSOP Library Chinese Books (General Circulation) 07/04/2015 C-16748   BS2650.52 D91 00061280 03/17/2025 07/04/2015 Books c.2
BSOP

Biblical Seminary of the Philippines
  All rights Reserved
  © 2024

CONTACT INFORMATION

Biblical Seminary of the Philippines,
  77-B Karuhatan Road, Valenzuela City,
  PHILIPPINES 1441
  Phone: +632 8292-6795 / 8292-6798
  Fax : +632 8292-6675
  Email: library@bsop.edu.ph